00476pab a2200145 454500008004000000100002500040245010300065260000900168300001400177362001200191650004200203650002600245700002600271773003300297180718b2003 xxu||||| |||| 00| 0 eng d aCoggburn, Jerrell D. aThe quality of management and government performance: an empirical analysis of the American States c2003 ap.206-13. aMar-Apr aPublic administration - United States aAdministrative reform aSchneider, Saundra K. aPublic Administration Review